000 00615nam a2200217 i 4500
001 bg
100 1 _aBINDMANN, Werner
245 0 _aHalbleiterphysik und elektronik :
_bEnglisch-Deutsch, Deutsch-Englisch /
_cW. Bindmann.
250 _a2 verbes. Aufl.
260 _aBerlin :
_bVEB Verl. Technik,
_c1965.
300 _a615 s.
490 1 _aTechnik-Wörterbuch
650 _aSłowniki angielsko-niemieckie
650 9 _aSłowniki niemiecko-angielski
830 _aTechnik-Wörterbuch
040 _cBPK
041 _apol
080 _a537+621.38
942 _cKS
008 s pl f |000 0 pol
999 _c9037
_d9037
856 _uhttp://koha.tu.koszalin.pl/cgi-bin/koha/opac-detail.pl?biblionumber=9037
_yKatalog online BPK